[Event "South African op"]
[Site "Cape Town"]
[Date "2022.07.15"]
[Round "8"]
[White "Lukhwareni, Nkhumbuleni"]
[Black "Du Plessis, Anika"]
[Result "0-1"]
[WhiteElo "1478"]
[BlackElo "1545"]
[PlyCount "61"]
[EventDate "2022.07.09"]
[EventType "swiss"]
[EventRounds "11"]
[EventCountry "RSA"]
[SourceTitle "CBM 209 Extra"]
[Source "ChessBase"]
[SourceDate "2022.09.30"]
[SourceVersion "1"]
[SourceVersionDate "2022.09.30"]
[SourceQuality "1"]

1. d4 Nf6 2. Nf3 e6 3. c4 b6 4. a3 Bb7 5. e3 Be7 6. Be2 d5 7. Nc3 0-0 8. 0-0 Nbd7 9. Qc2 dxc4 10. Bxc4 c5 11. Be2 Rc8 12. Rd1 Qc7 13. Qa4 Ne4 14. Nxe4 Bxe4 15. Nd2 Bg6 16. Re1 Bf6 17. Bb5 Rfd8 18. Bxd7 Qxd7 19. Qxd7 Rxd7 20. dxc5 Rxc5 21. e4 Bxb2 22. Bxb2 Rxd2 23. Bc1 Rdc2 24. Bf4 f5 25. e5 Be8 26. Red1 Kf7 27. Rdc1 Ba4 28. Rxc2 Bxc2 29. Rc1 Ke7 30. Kf1 Kd7 31. Be3 0-1

[Event "South African op"]
[Site "Cape Town"]
[Date "2022.07.11"]
[Round "5"]
[White "Lukhwareni, Nkhumbuleni"]
[Black "Khumalo, Keith"]
[Result "0-1"]
[WhiteElo "1478"]
[BlackElo "2113"]
[PlyCount "73"]
[EventDate "2022.07.09"]
[EventType "swiss"]
[EventRounds "11"]
[EventCountry "RSA"]
[SourceTitle "CBM 209 Extra"]
[Source "ChessBase"]
[SourceDate "2022.09.30"]
[SourceVersion "1"]
[SourceVersionDate "2022.09.30"]
[SourceQuality "1"]

1. d4 c5 2. e3 Nf6 3. Nf3 g6 4. c4 Bg7 5. Nc3 0-0 6. Be2 cxd4 7. exd4 d5 8. h3 Nc6 9. 0-0 Bf5 10. Re1 Rc8 11. a3 Na5 12. c5 Ne4 13. Ra2 b6 14. Ba6 Ra8 15. Na4 Qe8 16. b4 Bd7 17. bxa5 Bxa4 18. Qd3 bxc5 19. dxc5 Nxc5 20. Qe2 e5 21. Bd2 Qc6 22. Nxe5 Qxa6 23. Qg4 Ne4 24. Bf4 Qxa5 25. Rae2 Rfe8 26. Nf3 h5 27. Qh4 f6 28. Bd2 Qc7 29. Rc1 Qb8 30. Be3 Qb5 31. Nd4 Qd3 32. Ree1 Nd6 33. Rc7 Re4 34. Qg3 Ne8 35. Rxg7+ Nxg7 36. Qxg6 Rxe3 37. Nf5 0-1

[Event "South African op"]
[Site "Cape Town"]
[Date "2022.07.10"]
[Round "3"]
[White "Lukhwareni, Nkhumbuleni"]
[Black "Louw, Llewellyn T"]
[Result "1-0"]
[WhiteElo "1478"]
[BlackElo "1593"]
[PlyCount "52"]
[EventDate "2022.07.09"]
[EventType "swiss"]
[EventRounds "11"]
[EventCountry "RSA"]
[SourceTitle "CBM 209 Extra"]
[Source "ChessBase"]
[SourceDate "2022.09.30"]
[SourceVersion "1"]
[SourceVersionDate "2022.09.30"]
[SourceQuality "1"]

1. d4 d5 2. Nf3 Nf6 3. c4 e6 4. Nc3 Nc6 5. e3 g6 6. Be2 Bg7 7. 0-0 Qe7 8. Qb3 dxc4 9. Bxc4 0-0 10. Qc2 a6 11. a4 Nb4 12. Qe2 b6 13. e4 Bb7 14. Bg5 Qe8 15. Rac1 Nd7 16. Rfd1 e5 17. Be3 exd4 18. Bxd4 c5 19. Bxg7 Kxg7 20. Rd6 Ne5 21. Nxe5 Qxe5 22. Rxb6 Qc7 23. a5 Rae8 24. f3 f5 25. e5 Nc6 26. Nd5 Qc8 1-0